000
00288nam a2200109Ia 4500
005
20260328104345.0
008
260328s9999||||xx |||||||||||||| ||und||
100
_a
Le Corbusier
245
0
_a
Le Poeme électronique Le Corbusier ,1958 /
_c
Le Corbusier
650
_a
Le Corbusier
942
_c
BK
999
_c
12276
_d
12276